000 01055nam a2200253 a 4500
001 BRCA_8565
005 20190320210330.0
008 180816s1700----it-#######---#000-0#lat-#
041 _alat
044 _ait
050 4 _aBX2050
_b.B46
_c1700
100 1 _aBenedicti XIV
_921450
245 1 0 _aLitaniae et preces recitandae in ecclesiis almae urbis in quibus indicta est oratio continua quadraginta horarum
_cBenedicti XIV.
260 _aRomae
_bEx typographia rev. camerae apostolicae
_c1700
300 _a1 vol. (sin paginación)
_c34 cm
500 _aFondo antiguo
500 _aSe encuentra en Caja Fuerte
500 _aCO-A92
500 _aNota de encuadernación: cartón con tapas en tela de seda bordado con brocados en oro y plata, con capa de cardenal de armas en la portada y corona en la parte posterior y cintas anchas de seda roja
506 0 _aFondo reservado: para su consulta es necesario credencial de usuario y carta de motivos
650 1 4 _aIglesia católica
_eoraciones y devociones
_915525
902 _aLAR
942 _2lcc
_cB
999 _c8228
_d8228